000 01835nam a2200493Ii 4500
001 DIGSLMNDRA0217
003 NyNyDIG
007 cr |||||||||||
008 220920s2015 sp o 00 f0spa
006 m o d
035 _a(OCoLC)1350506166
040 _aDGITA
_beng
_erda
_epn
_cDGITA
041 _aspa
_heng
043 _ae-uk-st
020 _a9788415630791
_qeBook
_qePub
020 _z9788498386462
050 1 4 _aPS3557.A22 ebook
100 1 _aGabaldon, Diana,
_eauthor.
240 1 0 _aOutlander.
_lSpanish
_s(Bordeu)
245 1 0 _aOutlander :b
_forastera /
_cDiana Gabaldon ; traducción del inglés, Carmen Bordeu.
250 _aPrimera edición en libro electrónico.
264 1 _aBarcelona :
_bSalamandra,
_c[2015]
300 _a1 online resource.
336 _atext
_btxt
_2rdacontent
337 _acomputer
_bc
_2rdamedia
338 _aonline resource
_bcr
_2rdacarrier
347 _atext file
_2rdaft
347 _bEPUB
588 0 _aOnline resource; title from ePub title page (Digitalia, viewed September 20, 2022)
650 0 _aTime travel
_vFiction.
651 0 _aScotland
_xHistory
_y18th century
_vFiction.
650 0 _aCulloden, Battle of, Scotland, 1746
_vFiction.
650 0 _aJacobite Rebellion, 1745-1746
_vFiction.
655 7 _aNovels.
_2lcgft
655 0 _aElectronic books.
700 1 _aBordeu, Carmen,
_etranslator.
700 1 _iTranslation of:
_aGabaldon, Diana.
_tOutlander.
791 2 _aDigitalia (Firm),
_edistributor.
793 0 _gDigitalia eBook Collection:
_aEdiciones Salamandra.
776 0 8 _iPrint version:
_aGabaldon, Diana.
_sOutlander. Spanish (Bordeu).
_tOutlander.
_dBarcelona : Salamandra, [2014]
_z9788498386462
856 4 0 _3Digitalia Hispánica
_uhttps://www.digitaliapublishing.com/a/48301/
910 _aPremium collection: 2022
942 _cRAA
999 _c250819
_d250819